Financial markets and institutions (Record no. 8273)
[ view plain ]
| 000 -LEADER | |
|---|---|
| fixed length control field | 02198nam a22002057a 4500 |
| 020 ## - INTERNATIONAL STANDARD BOOK NUMBER | |
| ISBN | 9781292060484 |
| 050 ## - CALL NUMBER | |
| Classification number | HG181 |
| Item number | .M68 |
| 100 ## - AUTHOR | |
| Personal name | Mishkin, Frederic S |
| 245 ## - TITLE | |
| Title | Financial markets and institutions |
| Statement of responsibility, etc | Frederic S Mishkin; Stanley G Eakins |
| 250 ## - EDITION | |
| Edition statement | Eighth edition, Global edition |
| 260 ## - PUBLICATION INFORMATION | |
| Place of publication | Boston, Massachusetts : |
| Name of publisher | Pearson, |
| Year of publication | 2016 |
| 300 ## - DESCRIPTION | |
| Number of Pages | 657, 17, 23 pages : |
| Other physical details | illustrations ; |
| Dimensions | 26 cm |
| 440 ## - SERIES | |
| SERIES | Pearson series in finance. |
| 500 ## - NOTES | |
| General note | Includes index.<br/> <br/> |
| 505 ## - FORMATTED CONTENTS NOTE | |
| Table of Content | pt. 1. Introduction --<br/>1. Why study financial markets and institutions? --<br/>2. Overview of the financial system --<br/>pt. 2. Fundamentals of Financial Markets --<br/>3. What do interest rates mean and what if their role in valuation? --<br/>4. Why do interest rates change? --<br/>5. How do risk and term structure affect interest rates? --<br/>6. Are financial markets efficient? --<br/>pt. 3. Fundamentals of Financial Institutions --<br/>7. Why do financial institutions exist? --<br/>8. Why do financial crises occur and why are they so damaging to the economy? --<br/>pt. 4. Central Banking and the Conduct of Monetary Policy --<br/>9. Central banks: a global perspective --<br/>10. Conduct of monetary policy: tools, goals, strategy, and tactics --<br/>pt. 5. Financial Markets --<br/>11. The money markets --<br/>12. The bond market --<br/>13. The stock market --<br/>14. The mortgage markets --<br/>15. The foreign exchange market --<br/>16. The international financial system --<br/>pt. 6. The Financial Institutions Industry --<br/>17. Banking and the management of financial institutions --<br/>18. Financial regulation --<br/>19. Banking industry: structure and competition --<br/>20. The mutual fund industry --<br/>21. Insurance companies and pension funds --<br/>22. Investment banks, security brokers and dealers, and venture capital firms --<br/>pt. 7. The Management of Financial Institutions --<br/>23. Risk management in financial institutions --<br/>24. Hedging with financial derivatives --<br/>Chapters on the web: 25. Savings associations and credit unions --<br/>26. Finance companies. |
| 650 ## - SUBJECTS | |
| Topical Term | Finance -- Textbooks. |
| 650 ## - SUBJECTS | |
| Topical Term | Financial institutions -- Textbooks. |
| 650 ## - SUBJECTS | |
| Topical Term | Banks and banking -- Textbooks. |
| 942 ## - ADDED ENTRY ELEMENTS (KOHA) | |
| Koha item type | Books |
| Withdrawn status | Lost status | Collection code | Home library | Current library | Shelving location | Date acquired | Full call number | Accession Number | Koha item type |
|---|---|---|---|---|---|---|---|---|---|
| Reference | Methodist University Library Main | Methodist University Library Main | General Stacks | 21/04/2022 | HG181 .M68 | 8664 | Books |